000 02381cam a2200337 i 4500
008 151005s2025 paua 001 0 eng
020 _a9780323883085 (2 vol. set)
020 _a9780323882996 (vol.1)
020 _a9780323883009 (vol.2)
040 _aNSHSPK
082 0 0 _a618.92
_bNEL
245 0 0 _aNelson textbook of pediatrics /
_bedited by Robert Kliegman, MD and Joseph W. St. Geme III, MD.
246 3 0 _aTextbook of pediatrics
246 3 0 _aPediatrics
250 _aTwenty-second edition /
_bRobert M. Kliegman, MD, Profesor and Chair Emeritus, Department of Pediatrics, Medical College of Wisconsin, Milwaukee, Wisconsin [and seven others] ; editor emeritus, Joseph W. St. Geme III, MD.
264 1 _aPhialdelphia, PA :
_bElsevier,
_c2025.
300 _aonline access , 2 volumes (lxxviii, 4472, 132 pages of index) :
_avolume-1 1-2222 pages and volume-2 2223-4472 pages:
_billustrations (some color) ;
_c29 cm.
336 _atext
_btxt
_2rdacontent
337 _aunmediated
_bn
_2rdamedia
338 _avolume
_bnc
_2rdacarrier
500 _aIncludes index.
520 _aCovering every aspect of general pediatric practice, as well as details for many pediatric subspecialists, Nelson Textbook of Pediatrics, 22nd Edition, brings you fully up to date with everything from rapidly changing diagnostic and treatment protocols to new technologies to the wide range of biologic, psychologic, and social problems faced by children today. Edited and written by experts and prominent members of the pediatric medical community, this comprehensive two-volume reference covers both the science and art of pediatric practice. It remains the reference of choice among pediatricians, pediatric residents, and others involved in the care of young patients, delivering the information you need in a concise, easy-to-use format for everyday reference and study. -- from the Publisher
650 0 _aPediatrics.
_9113391
700 1 _aKliegman, Robert.
_9113390
700 1 _aBehrman, Richard E.,
_d1931-
_eeditor.
_9126800
700 1 _aNelson, Waldo E.
_q(Waldo Emerson),
_d1898-1997.
_tTextbook of pediatrics.
_9126801
906 _a7
_bcbc
_corigcop
_d2
_encip
_f20
_gy-gencatlg
942 _2ddc
_cBK
999 _c612257
_d612257